00443nam a2200157Ia 4500001000500000005001700005008004100022041000800063082001800071100004600089245009700135260000900232300002800241650000800269654000800277891220260306160644.0260306t2010||||xx |||||||||||||| ||spa|| aESP a371.9144bC31 aCarrillo Gallego, Marisol (coordª.)eAUT 0aDislexia y sordera:blíneas actuales en el estudio de la lengua escrita y sus dificultades c2010 a262 páginas :c24 cm. aGEN aCED